LEADER 03099nam 22006135 450 001 9910437626803321 005 20230810171232.0 010 $a9783030516482 010 $a3030516482 024 7 $a10.1007/978-3-030-51648-2 035 $a(CKB)5590000000433591 035 $a(DE-He213)978-3-030-51648-2 035 $a(MiAaPQ)EBC6463391 035 $a(EXLCZ)995590000000433591 100 $a20210125d2020 u| 0 101 0 $aeng 135 $aurnn#008mamaa 181 $ctxt$2rdacontent 182 $cc$2rdamedia 183 $acr$2rdacarrier 200 14$aThe Travels of Robert Lyall, 1789-1831 $eScottish Surgeon, Naturalist and British Agent to the Court of Madagascar /$fby Gwyn Campbell 205 $a1st ed. 2020. 210 1$aCham :$cSpringer International Publishing :$cImprint: Palgrave Macmillan,$d2020. 215 $a1 online resource (XIX, 415 p. 49 illus., 33 illus. in color.) 311 08$a9783030516475 311 08$a3030516474 320 $aIncludes bibliographical references and index. 327 $a1. From Scotland to Russia -- 2. Liberty and Reform -- 3. The Madagascar Mission -- 4. Expatriate Intrigue -- 5. Science and Sorcery -- 6. Servants and Slaves -- 7. Aftermath. 330 $aThis book explores the life of Robert Lyall, surgeon, botanist, voyager, British Agent to the court of Madagascar. Born the year of the French Revolution, Lyall grew up in politically radical Paisley, Scotland, before studying medicine, in Edinburgh, Manchester, and subsequently St. Petersburg, Russia. His criticism of the Tsar and Russian aristocracy led to an abrupt departure for London where Lyall became the voice of liberalism and calls for political reform, before appointed British Resident Agent in Madagascar in 1827, representing the interests of the Tory establishment that he had hitherto so roundly castigated. However, Lyall discovered that the Malagasy crown had turned against the British alliance of 1820, his scientific pursuits alienated the local elite, and his efforts to re-establish British influence antagonized the queen, Ranavalona I, who accused Lyall of sorcery and forced him and his burgeoning family to leave for Mauritius where he died an untimely death, of malaria, in 1831. 606 $aImperialism 606 $aGreat Britain$xHistory 606 $aAfrica$xHistory 606 $aScience$xHistory 606 $aImperialism and Colonialism 606 $aHistory of Britain and Ireland 606 $aAfrican History 606 $aHistory of Science 615 0$aImperialism. 615 0$aGreat Britain$xHistory. 615 0$aAfrica$xHistory. 615 0$aScience$xHistory. 615 14$aImperialism and Colonialism. 615 24$aHistory of Britain and Ireland. 615 24$aAfrican History. 615 24$aHistory of Science. 676 $a941.07092 700 $aCampbell$b Gwyn$f1952-$0290154 801 0$bMiAaPQ 801 1$bMiAaPQ 801 2$bMiAaPQ 906 $aBOOK 912 $a9910437626803321 996 $aThe travels of Robert Lyall, 1789-1831$92124647 997 $aUNINA LEADER 05765nam 22005775 450 001 9911001781603321 005 20251202163025.0 010 $a3-031-84032-1 024 7 $a10.1007/978-3-031-84032-6 035 $a(CKB)38753389200041 035 $a(DE-He213)978-3-031-84032-6 035 $a(MiAaPQ)EBC32076179 035 $a(Au-PeEL)EBL32076179 035 $a(EXLCZ)9938753389200041 100 $a20250502d2025 u| 0 101 0 $aeng 135 $aur||||||||||| 181 $ctxt$2rdacontent 182 $cc$2rdamedia 183 $acr$2rdacarrier 200 10$aAddressing Violent Radicalisation and Extremism $eA Restorative Justice & Psychosocial Approach /$fby Theo Gavrielides 205 $a1st ed. 2025. 210 1$aCham :$cSpringer Nature Switzerland :$cImprint: Springer,$d2025. 215 $a1 online resource (XXXVII, 333 p. 124 illus., 119 illus. in color.) 311 08$a3-031-84031-3 327 $aPart 1. Setting and reviewing the foundations -- Chapter 1. New wine in old wineskins and a new way forward -- Chapter 2. Positive Psychology and Restorative Justice for violent radicalisation and extremism -- Chapter 3. The RJiNEAR model of resilience ? theory and practice -- Chapter 4. Power, inequality and injustice ? finding the terrorist from within -- Part 2. Evidence-driven practice: Case studies -- Chapter 5. The Youth Empowerment and Innovation Project: Comparative findings from the pilots in the UK, Greece, Cyprus, Italy, Sweden, Romania and Portugal. -- Chapter 6. Comparative findings from the Human Rights and Prevention of Violent Extremism project in Indonesia -- Chapter 7. The My Voice, My Future Project: Findings from the pilots in the UK, Southwark ? London. -- Chapter 8. Findings from the RJ4All Youth Clubs+ programme -- Chapter 9. The Restorative Dialogue against Violent Radicalisation (RADEX) project: Comparative findings from the pilots in Turkey, Spain, the UK, Romania, Ireland and Italy. -- Chapter 10. The Mobilising against Extremism through countering and diverting radicalisation of young people project (RDaVR): Comparative findings from Germany, Cyprus, the UK, Greece, Belgium and France. -- Part 3. New directions in research, policy & practice -- Chapter 11. Gaps, next steps and a guide for research -- Chapter 12. Gaps, next steps and a guide for policy and practice. 330 $aThis book adopts an interdisciplinary approach to confront one of the most urgent global challenges of our time violent radicalisation and extremism. It critically examines how restorative justice, positive criminology, and positive psychology intersect to address the behaviors and social conditions that foster extremism, offering a framework that reflects the complexities of our era. Grounded in a synthesis of philosophical inquiry, normative analysis, and empirical evidence from six international pilot projects conducted between 2017 and 2024, the volume navigates the shifting boundaries between punitive and preventive approaches. It explores the potential of community-based initiatives to foster understanding, empathy, and empowerment as means to reduce violence and promote reconciliation. Through a focus on the psychological and social roots of extremism, the book delves into the restorative capacity of justice systems to mend fractured communities and the role of positive psychological interventions in reshaping harmful behaviors. In doing so, it bridges theoretical advancements with actionable strategies for policymakers, practitioners, and researchers seeking alternatives to traditional punitive models. This collection reflects the depth and breadth of contemporary scholarship in counter-extremism, offering perspectives from established experts and emerging voices. It serves as a vital resource for those engaged in fields such as social work, human rights, conflict resolution, and criminology, contributing fresh insights and practical tools to prevent and mitigate radicalisation. ?This book offers a refreshing and holistic perspective on one of the most pressing global issues today violent extremism. By integrating restorative justice principles with a psychosocial approach, the book moves beyond punitive measures and focuses on healing, rehabilitation, and the reintegration of individuals into society. This book is a thought-provoking and important contribution to the discourse on counter-extremism?. Professor Clarence Augustus Martin, California State University, USA "This book is not only a source of knowledge, but also a significant advancement in the evolution of thought, offering tangible pathways for action. Through a genuinely interdisciplinary approach and case studies, Theo Gavrielides presents the scientific community with a work where science becomes a lens through which reality can be understood and reshaped." Professor Grazia Manmozzi, University of Insubria, Italy. . 606 $aForensic psychology 606 $aCriminology 606 $aForensic Psychology 606 $aCrime Control and Security 606 $aRadicalisme$2thub 606 $aCriminologia$2thub 606 $aJustícia reparadora$2thub 608 $aLlibres electrònics$2thub 615 0$aForensic psychology. 615 0$aCriminology. 615 14$aForensic Psychology. 615 24$aCrime Control and Security. 615 7$aRadicalisme 615 7$aCriminologia 615 7$aJustícia reparadora 676 $a614.15 700 $aGavrielides$b Theo$4aut$4http://id.loc.gov/vocabulary/relators/aut$01821359 801 0$bMiAaPQ 801 1$bMiAaPQ 801 2$bMiAaPQ 906 $aBOOK 912 $a9911001781603321 996 $aAddressing Violent Radicalisation and Extremism$94385237 997 $aUNINA